Emergence and change in early urban societies /
This wide-ranging reference provides an overview of the different factors involved in the emergence and change in early urban societies in the Fourth Millennium B.C., including Mesopotamia and Egypt, pre-Shang China, Classic Horizon Central Mexico and the Mayan area, and middle Horizon societies in...
| Corporate Author: | |
|---|---|
| Other Authors: | |
| Format: | eBook |
| Language: | English |
| Published: |
New York :
Plenum Press,
[1997]
|
| Series: | Fundamental issues in archaeology.
Language of science. |
| Subjects: | |
| Online Access: | Connect to the full text of this electronic book |
MARC
| Tag | First Indicator | Second Indicator | Subfields |
|---|---|---|---|
| LEADER | 00000cam a2200000Ki 4500 | ||
| 001 | in00003548713 | ||
| 006 | m o d | ||
| 007 | cr cnu---unuuu | ||
| 008 | 140711s1997 nyuab ob 001 0 eng d | ||
| 005 | 20260421182618.6 | ||
| 020 | |a 9781489918482 (electronic bk.) | ||
| 020 | |a 1489918485 (electronic bk.) | ||
| 020 | |z 0306454947 | ||
| 020 | |z 9780306454943 | ||
| 024 | 7 | |a 10.1007/978-1-4899-1848-2 |2 doi | |
| 035 | |a (OCoLC)883381724 | ||
| 040 | |a GW5XE |b eng |e rda |e pn |c GW5XE |d UtOrBLW | ||
| 049 | |a TXAM | ||
| 050 | 4 | |a HT114 |b .E44 1997eb | |
| 082 | 0 | 4 | |a 307.76/09/01 |2 22 |
| 084 | |a 71.14 |2 bcl | ||
| 245 | 0 | 0 | |a Emergence and change in early urban societies / |c edited by Linda Manzanilla. |
| 264 | 1 | |a New York : |b Plenum Press, |c [1997] | |
| 264 | 4 | |c ©1997 | |
| 300 | |a 1 online resource (xv, 301 pages) : |b illustrations, maps. | ||
| 336 | |a text |b txt |2 rdacontent | ||
| 337 | |a computer |b c |2 rdamedia | ||
| 338 | |a online resource |b cr |2 rdacarrier | ||
| 490 | 1 | |a Fundamental issues in archaeology | |
| 490 | 1 | |a The language of science | |
| 504 | |a Includes bibliographical references and index. | ||
| 505 | 0 | |a Early urban societies: challenges and perspectives / Linda Manzanilla -- Arslantepe-Malatya: external factors and local components in the development of an early state society / Marcella Frangipane -- Urbanism and the rise of complex society and the early state in Egypt / Kathryn A. Bard -- China's first cities: the walled site of Wangchenggang in the Central Plain Region of North China / Walburga Wiesheu -- Teotihuacan: urban archetype, cosmic model / Linda Manzanilla -- Ideology, power, and state formation in the Valley of Oaxaca / Arthur A. Joyce -- Clues to the system of power in the city of Oxkintok / Miguel Rivera Dorado -- Reconstructing Huari: a cultural chronology for the capital city / William H. Isbell -- Political institutional factors contributing to the integration of the Tiwanaku state / David L. Browman -- Population and agriculture in the emergence of complex society in the Bolivian altiplano: the case of Tiwanaku / James Edward Mathews -- Recapitulation and concluding remarks / Linda Manzanilla. | |
| 520 | |a This wide-ranging reference provides an overview of the different factors involved in the emergence and change in early urban societies in the Fourth Millennium B.C., including Mesopotamia and Egypt, pre-Shang China, Classic Horizon Central Mexico and the Mayan area, and middle Horizon societies in the Andean region. The contributors examine such factors as centralized storage and redistributive economies, agro-managerial models, mercantile network control, and conflict and conquest. The coverage emphasizes specific archaeological data useful in theoretical construction. | ||
| 588 | |a Description based on print version record. | ||
| 650 | 0 | |a Cities and towns, Ancient. | |
| 650 | 0 | |a Urbanization |x History. | |
| 650 | 0 | |a Extinct cities. | |
| 650 | 6 | |a Villes antiques. | |
| 650 | 6 | |a Urbanisation |x Histoire. | |
| 650 | 6 | |a Villes disparues, en ruines, etc. | |
| 650 | 1 | 7 | |a Steden. |2 gtt |
| 650 | 1 | 7 | |a Urbanisatie. |2 gtt |
| 650 | 1 | 7 | |a Oudheid. |2 gtt |
| 650 | 7 | |a Urbanisation |x Histoire. |2 ram | |
| 650 | 7 | |a Villes |x Histoire. |2 ram | |
| 650 | 7 | |a Villes disparues, en ruine, etc. |x Histoire. |2 ram | |
| 650 | 0 | 7 | |a Stadt. |2 swd |
| 650 | 0 | 7 | |a Gesellschaft. |2 swd |
| 650 | 0 | 7 | |a Aufsatzsammlung. |2 swd |
| 650 | 0 | 7 | |a Hochkultur. |2 swd |
| 651 | 7 | |a Alter Orient. |2 swd | |
| 650 | 7 | |a Cities and towns, Ancient. |2 fast |0 (OCoLC)fst00861870 | |
| 650 | 7 | |a Extinct cities. |2 fast |0 (OCoLC)fst00918959 | |
| 650 | 7 | |a Urbanization. |2 fast |0 (OCoLC)fst01162722 | |
| 655 | 7 | |a Electronic books. |2 local | |
| 655 | 7 | |a History. |2 fast |0 (OCoLC)fst01411628 | |
| 700 | 1 | |a Manzanilla, Linda. | |
| 710 | 2 | |a SpringerLink (Online service) | |
| 776 | 1 | 8 | |i Print version: |t Emergence and change in early urban societies |z 0306454947 |w (DLC) 96041911 |w (OCoLC)35593812 |
| 830 | 0 | |a Fundamental issues in archaeology. | |
| 830 | 0 | |a Language of science. | |
| 856 | 4 | 0 | |u http://proxy.library.tamu.edu/login?url=https://link.springer.com/10.1007/978-1-4899-1848-2 |z Connect to the full text of this electronic book |t 0 |
| 994 | |a 92 |b TXA | ||
| 999 | |a MARS | ||
| 999 | f | f | |s fc730b7f-2312-31b2-a6db-fd342ec33a77 |i 79509889-9c32-3a0a-9636-edf34d14879d |t 0 |
| 952 | f | f | |a Texas A&M University |b College Station |c Electronic Resources |s www_evans |d Available Online |t 0 |e HT114 .E44 1997eb |h Library of Congress classification |
| 998 | f | f | |a HT114 .E44 1997eb |t 0 |l Available Online |